000 00782nam a2200265Ia 4500
003 OSt
005 20221006142410.0
006 a|||||r|||| 00| 0
007 ta
008 221006b |||||||| |||| 00| 0 eng d
020 _a4770016832
_c
_22.00
024 _a6,283
037 _bGift, Japan Foundation
_cTextual
040 _aEASL
_cEASL
_beng
041 _2eng
_aeng
082 _aO42,3N49, 111N4
100 _aMURAKAMI Haruki
_9398623
245 0 _aDance Dance Dance
260 _aTokyo
_bKodansha International Japan
_c1994
300 _a394p.
_ccm.
490 _v JEL
700 _a BIRNABAUM Alfred Tr.
_9647633
942 _hO42,3N49, 111N4
_cTEXL
_2CC
999 _c1074369
_d1074369